000 00473nam a2200181Ia 4500
001 5242
005 20260306145854.0
008 260306t2005||||xx |||||||||||||| ||spa||
041 _aESP
082 _a338.4791
_bA79
100 _aAscención Ugarte, Félix
_eAUT
245 0 _aTurismo sostenible en el Perú:
_bplanificación, gestión y desarrollo
260 _c2005
300 _a260 páginas :
_c24 cm.
650 _aGEN
654 _aCAN
942 _cLIB
_dJUS
_fJUS
_2ddc
_n
999 _c5242
_d5242